000 00910cam a22002771 4500
001 12782
003 BD-RjUL
005 20211208235345.0
008 140129s1963 enka b 000 0 eng
035 _a(BD-RjUL)12832
035 _a(OCoLC)2118171
040 _aDLC
_cOClU
_dOCoLC
_dUk
_dDLC
_dBD-RjUL
_beng
041 _aeng
082 0 0 _a621.183
_bGIF 1963
100 1 _aGilchrist, J. D.
_q(James Duncan)
_939840
245 1 0 _aFurnaces /
_cJ. D. Gilchrist.
260 _aOxford ;
_bPergamon Press;
_aNew York :
_bMacmillan,
_cc1963.
300 _a156 p. :
_bdiagrs. ;
_c20 cm.
500 _a"132."
504 _aBibliography: p. 151.
650 0 _aFurnaces.
_939842
942 _2ddc
_cBK
999 _c12782
_d12782